000
00277nam a2200133Ia 4500
100
_a
Bootle./ S.K.
942
_c
BK
654
_a
Turbo C
245
_a
Mastering Turbo C
260
_b
BPB Publication
_a
Delhi
_c
1993
082
_a
005.13 'U'
546
_a
ENGLISH
999
_c
23878
_d
23878